[Event "Bhopal GM Open 2018"]
[Site "Bhopal"]
[Date "2018.12.22"]
[Round "3"]
[White "Raahul V S"]
[Black "Vignesh N"]
[Result "1-0"]
[WhiteElo "2381"]
[BlackElo "1852"]
[Annotator "NA"]
[PlyCount "63"]
[EventDate "2018.12.21"]
[EventType "swiss"]
[EventCountry "IND"]
[SourceTitle "playchess.com"]
[Source "ChessBase"]
[SourceQuality "1"]
[TimeControl "5400+30"]

{[%evp 8,55,45,40,37,18,5,22,11,7,14,-2,106,49,111,70,132,85,169,182,207,197,213,175,200,32767,32767,32767,32767,32767,32767,197,217,84,591,621,631,700,667,710,688,675,668,725,754,770,814,32767,1126,811]} 1. c4 {[%emt 0:00:00]} e5 {[%emt 0:00:00]} 2. g3 {[%emt 0:00:00]} Nc6 {[%emt 0:00:00]} 3. Bg2 {[%emt 0:00:00]} f5 {[%emt 0:00:16]} 4. Nc3 {[%emt 0:00:18]} Nf6 {[%emt 0:00:12]} 5. e3 {[%emt 0:00:16]} d5 {[%emt 0:00:12]} 6. Nxd5 {[%emt 0:00:16]} Nxd5 {[%emt 0:00:12] A25: English Opening vs King's Indian with ...Nc6 but without early d3} 7. cxd5 {[%emt 0:00:06]} ({Of course not} 7. Bxd5 Nb4 $15) 7... Nb4 {[%emt 0:00:16]} 8. d3 {[%emt 0:00:14]} c6 {[%emt 0:05:27] LiveBook: 8 Games} (8... Nxd5 9. Nf3 Bb4+ 10. Bd2 Bxd2+ 11. Qxd2 Qd6 12. O-O O-O 13. e4 Ne7 14. d4 fxe4 15. Nxe5 {1-0 (50) Kramnik,V (2799)-Bartel,M (2674) Dortmund 2012 CBM 150 [Marin,M]}) 9. Ne2 {[%emt 0:08:41]} cxd5 $146 {[%emt 0:01:04]} ({Predecessor:} 9... Nxd5 $11 10. O-O Be6 11. a3 Bd6 12. e4 fxe4 13. dxe4 Nb6 14. Bg5 {½-½ (37) Breahna,R (2461)-Spitz,P (2555) ICCF email 2005}) 10. O-O {[%emt 0:00:38]} Be7 {[%emt 0:04:44]} 11. Qb3 {[%emt 0:02:07]} Be6 {[%emt 0:01:19]} (11... e4 $14) 12. f4 {[%emt 0:01:52]} Qc8 {[%emt 0:13:37]} (12... Qd7 $16 {was called for.}) 13. fxe5 {[%emt 0:08:49]} d4 {[%emt 0:00:48]} 14. Qa4+ {[%emt 0:00:04]} Bd7 {[%emt 0:00:23] [#]} 15. Qd1 $1 {[%emt 0:00:14]} Nc2 {[%emt 0:00:29]} 16. Rb1 {[%emt 0:00:01]} dxe3 {[%emt 0:00:27]} 17. Nc3 {[%emt 0:00:34]} Bc5 {[%emt 0:03:06]} 18. Kh1 {[%emt 0:00:09]} Nd4 {[%emt 0:01:49]} 19. Bxe3 {[%emt 0:00:07]} Bc6 {[%emt 0:00:29]} 20. Qd2 {[%emt 0:01:15]} (20. Bxd4 $18 {and White stays clearly on top.} Bxd4 21. Nd5) 20... b6 $2 {[%emt 0:02:57]} (20... O-O $16 {holds on.}) 21. b4 {[%emt 0:00:27]} Bxg2+ {[%emt 0:01:56]} 22. Qxg2 {[%emt 0:00:12] N} Ne2 {[%emt 0:05:04]} 23. Nb5 {[%emt 0:00:50] B} Be7 {[%emt 0:02:06]} 24. Rb2 {[%emt 0:00:06]} O-O {[%emt 0:03:26]} 25. Rxe2 {[%emt 0:00:53]} Qd7 {[%emt 0:00:16] [#]} 26. Nd6 $1 {[%emt 0:00:23]} Qe6 {[%emt 0:02:43] [#]} 27. Nxf5 $1 {[%emt 0:00:51]} Bxb4 {[%emt 0:00:19]} 28. d4 {[%emt 0:00:36]} Rad8 {[%emt 0:00:45]} 29. Ref2 {[%emt 0:00:24]} Rd7 {[%emt 0:01:53]} 30. Bd2 {[%emt 0:01:26]} Ba3 {[%emt 0:01:50]} 31. Qf3 {[%emt 0:00:08]} Rdf7 {[%emt 0:00:52]} 32. Qxa3 {[%emt 0:00:43]} 1-0

[Event "Bhopal GM Open 2018"]
[Site "Bhopal"]
[Date "2018.12.22"]
[Round "3"]
[White "Sri Sai Baswanth P"]
[Black "Aleksandrov, Aleksej"]
[Result "1-0"]
[WhiteElo "1921"]
[BlackElo "2590"]
[Annotator "TA"]
[PlyCount "53"]
[EventDate "2018.12.21"]
[EventType "swiss"]
[EventCountry "IND"]
[SourceTitle "playchess.com"]
[Source "ChessBase"]
[SourceQuality "1"]

{[%evp 26,53,19,-50,59,54,299,314,308,292,416,398,452,396,517,502,502,490,649,652,644,627,930,967,5269,868,1973,1920,5257,5169]} 1. e4 e5 2. Bc4 Nc6 3. Nf3 Bc5 4. O-O Nf6 5. d4 Bxd4 6. Nxd4 Nxd4 7. f4 d6 8. fxe5 dxe5 9. Bg5 Qe7 10. c3 {C50: Hungarian Defence and Giuoco Pianissimo} Be6 11. Na3 Bxc4 (11... Nc6 12. Kh1 h6 13. Bxf6 gxf6 14. Bb3 Rg8 15. Nc2 Rg6 16. Ne3 Rd8 17. Qe2 a6 {½-½ (54) Saric,I (2680)-Miton,K (2601) Doha 2014}) 12. Bxf6 gxf6 13. Nxc4 Ne6 14. Kh1 {LiveBook: 5 Games} (14. b4 $11) 14... Rg8 (14... Qc5 $1 $15 15. Na3 Rg8) 15. Ne3 $14 {[#] Nd5 is the strong threat.} Qc5 $2 (15... c6 $14) 16. Ng4 $146 ({Predecessor:} 16. Nd5 O-O-O 17. Qf3 Rg6 {½-½ (65) Janik,I (2130)-Krainski,S (2033) Poronin 2014}) 16... Rxg4 17. Qxg4 O-O-O (17... Qe7 $142 18. Rf2 Nf8) 18. Rxf6 h5 19. Qxh5 b6 20. Rd1 {White is clearly winning.} Rxd1+ 21. Qxd1 {[%mdl 4096] Endgame KQR-KQN} Qe3 22. Rxf7 Qxe4 23. Re7 Qg6 24. h3 Kb8 25. Qg4 (25. Qd5 $142 Qg8 26. Rxe6) 25... Qb1+ 26. Kh2 Nc5 27. b4 {Precision: White = 66%, Black =  7%.} 1-0

[Event "Bhopal GM Open 2018"]
[Site "Bhopal"]
[Date "2018.12.22"]
[Round "3"]
[White "Nepal, Prakash"]
[Black "Movsziszian, Karen"]
[Result "0-1"]
[WhiteElo "1902"]
[BlackElo "2505"]
[Annotator "TA"]
[PlyCount "42"]
[EventDate "2018.12.21"]
[EventType "swiss"]
[EventCountry "IND"]
[SourceTitle "playchess.com"]
[Source "ChessBase"]
[SourceQuality "1"]

{[%evp 22,42,45,5,52,0,0,-99,-111,-97,-128,-118,-120,-223,-237,-227,-223,-382,-382,-738,-736,-730,-730]} 1. d4 c5 2. d5 Nf6 3. c4 d6 4. Nc3 g6 5. e4 Bg7 6. Nge2 O-O 7. Ng3 e6 8. Be2 exd5 9. cxd5 a6 10. a4 Re8 {A65: Modern Benoni: 6 e4} (10... h5 11. Bg5 Qc7 12. Qd2 Nbd7 13. O-O Rb8 14. f4 Nh7 15. Bh4 c4 16. Kh1 b5 17. axb5 axb5 18. b4 {1-0 (36) Le,Q (2736)-Sivuk,V (2526) Hanoi 2018}) 11. O-O Nbd7 {[%cal Bb8d7,Bd7c5,Bc5e4][%mdl 32]} 12. f4 {LiveBook: 5 Games} c4 {The position is equal.} 13. Bxc4 (13. Be3 $14) 13... Nc5 $11 {[%cal Rf6e4]} 14. Re1 $146 (14. e5 $11 dxe5 15. fxe5) ({Predecessor:} 14. Qc2 Qb6 15. Kh1 Ng4 16. a5 Qd8 17. Be2 Nxh2 18. Kxh2 {½-½ (33) Imre,J (2125)-Villanyi,L (1948) Hungary 2009}) 14... Ng4 $17 {[#] And now ...Qb6 would win.} 15. Nf1 Qb6 ({Much worse is} 15... Bxc3 $6 16. bxc3 Nxe4 17. Qd4 $11) 16. a5 Qa7 {aiming for ...Nxe4+.} 17. Be3 (17. Ne3 $17 Nxe4 18. Na4) 17... Nxe3 $19 18. Nxe3 Nxe4 19. Qd3 $2 {[#]} (19. Na4) 19... Bf5 20. Nxe4 $2 (20. Na4 Nc3 21. Qd2 Nxa4 22. Rxa4) 20... Rxe4 (20... Bxe4 $2 21. Qd2 $19) 21. Kh1 Rae8 {Precision: White = 17%, Black = 81%.} 0-1

[Event "Bhopal GM Open 2018"]
[Site "Bhopal"]
[Date "2018.12.22"]
[Round "3"]
[White "Sibi Visal R"]
[Black "Khusenkhojaev, Muhammad"]
[Result "1/2-1/2"]
[WhiteElo "1884"]
[BlackElo "2455"]
[Annotator "TA"]
[PlyCount "188"]
[EventDate "2018.12.21"]
[EventType "swiss"]
[EventCountry "IND"]
[SourceTitle "playchess.com"]
[Source "ChessBase"]
[SourceQuality "1"]

{[%evp 10,188,25,4,25,26,29,26,25,13,22,20,29,11,13,0,2,0,0,0,24,24,26,-11,18,12,19,9,0,12,31,28,19,11,17,-15,-8,-22,-15,-14,-20,-14,0,0,0,0,0,0,0,0,8,0,0,0,0,0,0,0,0,0,0,0,0,0,0,-4,0,0,0,-6,0,0,0,0,0,0,0,0,0,0,8,6,7,0,0,0,0,0,0,0,0,0,0,0,0,0,0,0,0,0,0,0,0,0,0,0,0,0,0,0,0,0,0,0,0,0,0,0,0,0,0,0,0,0,0,0,0,0,0,0,0,0,0,0,0,0,0,0,0,0,0,0,167,145,337,327,495,493,445,331,374,369,832,587,567,0,0,0,221,0,0,0,0,0,0,0,0,0,0,0,0,0,0,0,0,0,0,0,0,0,0]} 1. Nf3 Nf6 2. g3 b6 3. Bg2 Bb7 4. O-O g6 5. c4 Bg7 6. Nc3 {LiveBook: 192 Games. A15: English Opening: 1...Nf6} (6. d3 O-O 7. e4 c5 8. Nc3 d6 9. h3 Nc6 10. Be3 Nd7 11. Qd2 Re8 12. d4 cxd4 13. Nxd4 Rc8 14. b3 Nc5 15. Rad1 Qd7 16. Kh2 Nb4 17. Nd5 Nc6 18. Nb5 {1-0 (49) Amin,B (2693)-Liang,A (2572) chess.com INT 2018}) 6... Ne4 7. Nxe4 Bxe4 8. d3 {White has an edge.} Bb7 9. Rb1 $146 ({Predecessor:} 9. d4 O-O 10. Bf4 d6 11. Qd2 Nd7 12. Bg5 Nf6 13. Bxf6 Bxf6 {½-½ (32) Toth,S (2106)-Seres,B (2221) Hungary 2016}) 9... O-O 10. b4 a5 11. a3 d6 12. Qc2 Nd7 13. Be3 axb4 14. axb4 Ra3 15. Bc1 Ra8 16. Be3 Nf6 17. Rfc1 e5 18. Bg5 h6 {[%cal Bh7h6,Bh6h5,Bh5h4][%mdl 32]} 19. Bxf6 Qxf6 20. Nd2 Bxg2 21. Kxg2 Qe6 22. e4 h5 23. Ra1 Bh6 24. Re1 {[#]} h4 $1 {[%mdl 512]} 25. h3 (25. gxh4 Qg4+) 25... Rxa1 26. Rxa1 Bxd2 27. Qxd2 $11 {[%mdl 4096] Endgame KQR-KQR} f5 28. exf5 Qxf5 29. Qe3 hxg3 30. Qxg3 Kg7 31. Re1 Qh5 32. Re4 Qf5 33. b5 Qe6 34. Rh4 Qe7 35. Rg4 Qe8 36. Rh4 Qa8+ 37. Kg1 Qa1+ 38. Kg2 $1 Qa8+ 39. Kg1 Rf5 40. Qe3 Kf6 41. Qh6 Qa1+ 42. Kg2 {Qf8+ is the strong threat.} Qa8+ (42... Qa2 {keeps more tension.} 43. Qh8+ Ke6 44. Qc8+ Kf6 45. Qd8+ Ke6) 43. Kg1 Qg8 (43... Qa1+ {seems wilder.}) 44. Rg4 Qg7 45. Qh4+ Ke6 46. Qg3 Kf7 47. Qe3 Qh8 48. Qg3 Qh6 49. Kg2 Kg7 50. Qe3 Qxe3 51. fxe3 {KR-KR} Kf6 52. e4 Rh5 53. Rg3 Rh8 54. Rf3+ Kg7 55. Kg3 Ra8 56. Kf2 Ra2+ 57. Kg3 Rd2 58. Kg4 Rd1 59. Kg3 Rd2 60. Kg4 Rg2+ 61. Rg3 Rf2 62. Rf3 Rd2 63. Kg3 Kh6 64. Kg4 Rd1 65. Rg3 Rd2 66. Rf3 Kg7 67. Kg3 Ra2 68. Kg4 Ra8 69. Kg5 Ra1 70. Kg4 Kh6 71. Rg3 Rb1 72. Rf3 Kg7 73. Rg3 Re1 74. Rf3 Kh6 75. Rg3 d5 $2 (75... Kg7 $11) 76. exd5 e4 $2 (76... Kg7 $16 77. Kf3 Kf6) 77. Kf4 $18 exd3 (77... g5+ $142 78. Kf5 e3) 78. Rxd3 Kh5 79. Re3 Rc1 80. Re4 Kh4 $2 (80... Rc3 81. Ke5 Rxh3) 81. Ke5+ Kxh3 82. d6 $2 (82. Ke6 $18) 82... cxd6+ $11 83. Kxd6 Rf1 $2 (83... g5 $11) 84. Kc7 $2 (84. Re6 $18 g5 85. Rh6+ Kg4 86. Kc6) 84... Rf6 {[#]The position is equal.} 85. c5 $1 {[%mdl 512]} bxc5 86. b6 g5 87. b7 (87. Re3+ {feels hotter.} Kg2 88. Re2+ Kh3 89. Re8 g4 90. Rg8) 87... Rf7+ 88. Kc6 Rxb7 89. Kxb7 {KR-KPP} g4 90. Kc6 g3 91. Kxc5 g2 92. Re1 Kh2 93. Kd4 g1=Q+ 94. Rxg1 Kxg1 {Accuracy: White = 70%, Black = 61%.} 1/2-1/2

[Event "Bhopal GM Open 2018"]
[Site "Bhopal"]
[Date "2018.12.22"]
[Round "3"]
[White "Souhardo Basak"]
[Black "Nitin, S.."]
[Result "0-1"]
[WhiteElo "1881"]
[BlackElo "2450"]
[Annotator "TA"]
[PlyCount "66"]
[EventDate "2018.12.21"]
[EventType "swiss"]
[EventCountry "IND"]
[SourceTitle "playchess.com"]
[Source "ChessBase"]
[SourceQuality "1"]

{[%evp 17,66,0,16,-31,-37,-38,-34,-59,-48,-72,-21,-20,-34,-16,-24,-98,-92,-100,-109,-116,-106,-131,-122,-118,-114,-128,-130,-212,-214,-562,-559,-572,-573,-568,-551,-1429,-1404,-1161,-1195,-1202,-1202,-1170,-1165,-1101,-1084,-29969,-12389,-6233,-6008,-5712,-5684]} 1. e4 c5 2. Nf3 e6 3. d4 cxd4 4. Nxd4 a6 5. Nc3 b5 6. a3 Bb7 7. Bd3 d6 8. Qe2 {B43: Sicilian: Kan Variation: 5 Nc3} (8. f4 Nf6 9. Qf3 Nbd7 10. O-O Rc8 11. Kh1 g6 12. f5 gxf5 13. Bd2 Rxc3 14. Bxc3 fxe4 15. Qh3 exd3 {0-1 (88) Belyakov,B (2430)-Schlosser,P (2602) Pardubice 2013}) 8... Nf6 9. f4 Be7 {LiveBook: 3 Games} 10. Nf3 {The position is equal.} Nbd7 11. b4 $146 ({Predecessor:} 11. O-O Qc7 12. Kh1 O-O 13. Be3 Rac8 {0-1 (79) Naboka,S (2351)-Shirshov,N (2134) St Petersburg 2017}) 11... Rc8 12. Bd2 Nb6 13. a4 Nc4 ({Better is} 13... d5 $1 $17 {aiming for ...Nxa4.} 14. e5 Ne4 15. Nxe4 dxe4 16. Bxe4 Bxe4 17. Qxe4 Nxa4) 14. axb5 $11 axb5 15. Nxb5 d5 $36 {[%cal Rf6e4][%mdl 2048] Black fights for an advantage.} 16. exd5 (16. e5 $11 {keeps the balance.} Ne4 17. Na7 Nexd2 18. Nxd2) 16... Nxd2 $17 17. Qxd2 {Hoping for c4.} Nxd5 18. Rb1 O-O $1 {[%mdl 1024] Black has strong compensation.} 19. O-O Qb6+ 20. Kh1 {[#] Threatening c4.} Rfd8 $1 21. Nfd4 g6 22. Rfd1 {[#]} (22. Qf2 $17 {was called for.}) 22... Bf6 $1 $19 {[%cal Rf6d4]} 23. Bf1 $2 {[#]} (23. Nf3 {is a better chance.} Bc3 24. Qc1) 23... Nc3 $1 {[%mdl 576] Deflection} 24. Nxc3 {And now Nce2 would win.} Rxd4 25. Na4 Qa7 ({Not} 25... Rxd2 26. Nxb6 Rcxc2 27. Nd7 $17) 26. Qf2 Rxd1 {[%mdl 64] Discovered Attack} 27. Qxa7 Rxb1 28. h3 Rxf1+ {[%mdl 64] Double Attack} 29. Kh2 Ra8 30. Qxb7 Rxa4 31. g4 Ra3 (31... Rf2+ $142 32. Kg3 Rxc2 33. Qf3 Rc3 34. Qxc3 Bxc3 35. b5 Rb4 36. b6 Rxb6 37. Kf3 Bf6 38. Kg2 Rb2+ 39. Kg3 Rb3+ 40. Kh2 Bh4 41. Kg2 Kg7 42. Kg1 Rf3 43. f5 e5 44. f6+ Rxf6 45. g5 Rf2 46. Kh1 e4 47. Kg1 e3 48. Kh1 e2 49. Kg1 e1=Q#) 32. Qb6 Rd1 33. Qf2 Bc3 {Accuracy: White = 35%, Black = 89%.} 0-1

[Event "Bhopal GM Open 2018"]
[Site "Bhopal"]
[Date "2018.12.22"]
[Round "3"]
[White "Gopal, K.N."]
[Black "Nguyen, Van Huy"]
[Result "0-1"]
[WhiteElo "1866"]
[BlackElo "2438"]
[Annotator "TA"]
[PlyCount "90"]
[EventDate "2018.12.21"]
[EventType "swiss"]
[EventCountry "IND"]
[SourceTitle "playchess.com"]
[Source "ChessBase"]
[SourceQuality "1"]

{[%evp 12,90,15,-54,-20,-42,-32,-43,-41,-68,-70,-71,-62,-67,-58,-71,-72,-70,-68,-72,-27,-38,-33,-46,0,0,0,0,0,-8,0,-6,0,0,0,-5,0,-23,-19,-23,0,-13,14,15,28,-49,-25,-23,0,-40,-59,-53,-41,-49,-49,-46,-46,-46,-51,-43,-43,-70,-61,-88,0,-61,0,-85,-100,-283,-283,-282,-275,-285,-251,-286,-280,-537,-537,-29996,-29997]} 1. c4 e6 2. g3 Nf6 3. Bg2 d5 4. Nf3 d4 5. d3 c5 6. O-O Nc6 7. e4 {LiveBook: 15 Games. A09: Réti Opening: 1 Nf3 d5 2 c4} (7. e3 $11) (7. e3 Bd6 8. a3 a5 9. Nbd2 O-O 10. e4 e5 11. h3 Bd7 12. Nh2 Qc8 13. f4 Bxh3 14. f5 Bxg2 15. Kxg2 {½-½ (31) Aronian,L (2780)-Yilmaz,M (2633) Batumi 2018}) 7... Bd6 8. Nh4 $146 ({Predecessor:} 8. Na3 O-O 9. Nc2 e5 10. a3 Qe7 11. Rb1 Bg4 12. h3 Bh5 13. g4 Bg6 14. Nh4 a5 {1-0 (53) Dzhafarov,K (2180)-Petruzzelli,R (2081) ICCF email 2013}) 8... O-O 9. f4 {[#] Black must now prevent e5.Black is slightly better.} e5 10. f5 a6 11. Bf3 Be7 12. Ng2 Ne8 13. g4 Nd6 14. Be2 b5 15. b3 bxc4 16. bxc4 Rb8 17. Nd2 Bg5 18. Nb3 Nb7 19. Bxg5 Qxg5 20. h4 Qe7 21. Qe1 f6 22. Qg3 Bd7 23. Rfb1 a5 {[%cal Ba6a5,Ba5a4][%mdl 32]} 24. Ne1 a4 25. Nd2 Nd6 26. a3 Qd8 27. Nef3 Qa5 28. Qe1 (28. g5 $11) 28... Kf7 29. Qd1 Ke7 30. Kf1 g6 31. Rxb8 Rxb8 32. Rb1 Rg8 33. h5 gxh5 34. gxh5 Nd8 {[%cal Bc6d8,Bd8f7,Bf7h6][%mdl 32]} 35. Qc1 N8f7 36. Kf2 Nh6 $36 {[%mdl 2048] Black has good play.} 37. Nh2 Nhf7 38. Nhf3 Qa8 (38... Bc6 $15) 39. Qh1 (39. Qb2 $1 $11) 39... Nh6 $17 40. Nxe5 $2 (40. Nh4 $17) 40... fxe5 $19 41. Qh4+ Ke8 42. Rb6 Nhf7 43. Qf6 {[#]} Qd8 $1 {[%cal Rd8f6]} 44. Rxd6 $2 (44. Qxd8+ Kxd8 45. Rb8+ Nc8 46. Rb1) 44... Nxd6 45. Qxd6 {aiming for Nf3.} Qh4+ {Accuracy: White = 39%, Black = 48%.} 0-1

[Event "Bhopal GM Open 2018"]
[Site "Bhopal"]
[Date "2018.12.22"]
[Round "3"]
[White "Sreekar J S S"]
[Black "Manik, Mikulas"]
[Result "1/2-1/2"]
[WhiteElo "1859"]
[BlackElo "2410"]
[Annotator "TA"]
[PlyCount "60"]
[EventDate "2018.12.21"]
[EventType "swiss"]
[EventCountry "IND"]
[SourceTitle "playchess.com"]
[Source "ChessBase"]
[SourceQuality "1"]

{[%evp 25,60,115,118,91,119,61,93,0,0,0,93,107,96,72,89,70,90,61,63,57,68,62,134,128,97,101,102,140,205,163,179,0,208,0,143,0,222]} 1. d4 Nf6 2. Nf3 g6 3. c4 Bg7 4. Nc3 O-O 5. e4 d6 6. Be2 e5 7. O-O Nc6 8. d5 Ne7 9. b4 Ne8 10. c5 h6 11. Nd2 f5 12. f3 f4 {E97: King's Indian: Classical Main Line (6...e5 7 0-0 Nc6): 8 Be3 and 8 d5 Ne7, not 9 Ne1} 13. Nc4 g5 {LiveBook: 9 Games} (13... Rf7 14. a4 g5 15. Ba3 Ng6 16. b5 dxc5 17. Bxc5 Bf8 18. Bf2 g4 19. fxg4 Nd6 20. a5 Nxc4 21. Bxc4 Bd6 22. Kh1 Bd7 {1-0 (53) Weber,J (2591)-Aldrete Lobo,J (2530) ICCF email 2006}) 14. Ba3 Rf6 {White is better.} 15. b5 (15. Bb2 $16) 15... Rg6 $146 ({Predecessor:} 15... b6 16. cxb6 cxb6 17. Bb4 Bd7 18. a4 Rb8 19. a5 Nc8 20. axb6 axb6 {½-½ (63) Tratar,M (2451)-Ciruk,J (2240) Dos Hermanas 2003}) 16. b6 (16. c6 $16) 16... axb6 $11 17. cxd6 Nxd6 (17... cxd6 $11 18. Rb1 Bd7) 18. Bxd6 $16 cxd6 19. Rb1 h5 20. Nxb6 Ra5 21. Nxc8 Qxc8 22. Na4 g4 23. Qb3 gxf3 (23... Qa8 $14 24. Nc3 (24. Qxb7 Rxa4 25. Qxe7 Rxa2 $11) 24... Rc5) 24. Rxf3 Qg4 {[%csl Gg6][%cal Rg4g2] [#]} 25. Rf2 Qh4 26. Nb6 Rg3 (26... Rc5 $16 {was worth a try.} 27. Nc4 Kh7) 27. Rf3 ({Inferior is} 27. hxg3 fxg3 28. Bf3 gxf2+ 29. Kf1 Rc5 $15) 27... Rg6 28. Rf2 Rg3 $1 {[%cal Rg3b3]} 29. Rf3 ({And not} 29. hxg3 fxg3 30. Bf3 gxf2+ 31. Kf1 Rc5 $15) 29... Rg6 $1 30. Rf2 (30. Bb5 $16) 30... Rg3 $1 {Precision: White = 39%, Black = 50%.} 1/2-1/2

[Event "Bhopal GM Open 2018"]
[Site "Bhopal"]
[Date "2018.12.23"]
[Round "4"]
[White "Movsziszian, Karen"]
[Black "Gajwa Ankit"]
[Result "1-0"]
[WhiteElo "2505"]
[BlackElo "2253"]
[Annotator "TA"]
[PlyCount "131"]
[EventDate "2018.12.21"]
[EventType "swiss"]
[EventCountry "IND"]
[SourceTitle "playchess.com"]
[Source "ChessBase"]
[SourceQuality "1"]

{[%evp 18,131,-30,-27,-5,-7,0,-14,14,14,16,20,13,0,0,0,10,0,0,0,0,0,0,0,34,0,0,0,43,43,43,41,56,53,56,48,49,47,64,63,70,63,70,75,83,81,104,93,131,108,131,93,131,123,124,100,116,108,108,100,147,104,109,100,100,100,100,100,100,100,136,136,136,136,177,177,1044,1079,1193,1156,1182,1062,1148,1297,638,1283,964,807,1090,777,1305,1299,1305,1319,1303,1227,1189,1127,1180,1094,1549,1344,1118,1034,6412,6211,6179,5947,8956,6786,6645,7350,6412,5073,12843,11511]} 1. g3 g6 2. Bg2 Bg7 3. f4 d5 4. Nf3 c5 5. O-O Nc6 6. d3 Nf6 7. c3 O-O 8. Na3 Rb8 9. Ne5 {A03: Bird's Opening with 1...d5} (9. Qe1 b5 10. Nc2 b4 11. Ne5 Nxe5 12. fxe5 Ng4 13. cxb4 cxb4 14. d4 Qb6 15. e3 Bf5 16. Qd1 Rbc8 {½-½ (37) Nakamura,H (2741)-Svidler,P (2722) Moscow 2010}) 9... Nxe5 10. fxe5 {LiveBook: 8 Games} Nd7 11. d4 {The position is equal.} e6 12. Nc2 $146 {[%cal Ba3c2,Bc2e1,Be1d3,Bd3f2,Bf2g4][%mdl 32]} ({Predecessor:} 12. Be3 b5 13. Qd2 b4 14. cxb4 cxd4 15. Bxd4 Qc7 16. Rac1 Qb7 {0-1 (27) Becx,C (2107)-Ringoir,T (2530) Geraardsbergen 2018}) 12... b6 13. Be3 Ba6 14. Qd2 Rc8 15. Ne1 f6 16. exf6 Nxf6 17. Nd3 Ne4 18. Rxf8+ Qxf8 19. Bxe4 dxe4 20. Rf1 Qe7 21. Nf2 cxd4 22. cxd4 Bb7 23. Ng4 Rf8 24. Rxf8+ Qxf8 25. Bh6 Qf5 26. Bxg7 Qxg4 27. Be5 e3 28. Qxe3 {Strongly threatening Qh6.} Qe4 {[%csl Gb7][%cal Re4g2]} 29. Kf2 {Threatens to win with Qa3.} Qxe3+ 30. Kxe3 $14 {[%mdl 4096] Endgame KB-KB} Kf7 31. Kf4 h5 32. h4 a6 33. Bc7 b5 34. Ke5 Ke7 35. e4 Kd7 36. Ba5 Ke7 37. d5 exd5 38. exd5 Bc8 39. Bb4+ Kd8 40. Kd6 Bf5 41. Kc6 Be4 42. Bc3 Kc8 43. b3 {[%cal Bb2b3,Bb3b4,Bb4b5][%mdl 32]} Bb1 44. d6 {d7+ would kill now.} Be4+ 45. Kb6 Bb1 46. a3 ({Don't play} 46. Kxa6 $6 b4 $14) 46... Bd3 $2 (46... Kd7 47. Kxa6 Bd3) 47. b4 $1 $18 {White is clearly winning.} Kd7 48. Be5 $1 Be2 49. Kxa6 Bd3 {[#]} 50. Ka5 $1 Kc6 51. a4 (51. Bf4 $142 Bf5 52. a4) 51... bxa4 {[#]} 52. b5+ $1 {[%mdl 512]} Kd7 (52... Bxb5 53. d7) 53. Kxa4 Kc8 54. Ka5 Be4 55. Kb6 Bd3 56. Bf4 Be2 57. Kc6 {White threatens d7+ and mate.} Bf3+ 58. Kc5 Bg4 59. Kd5 Be2 {[#]} 60. b6 $1 {[%cal Rb6b7]} Kd7 61. Ke5 {Threatening mate with b7.} Bf3 62. Kf6 Be4 {[#]} 63. g4 $1 hxg4 {[#]} 64. b7 $1 {[%mdl 512]} Bxb7 65. Kxg6 Ke6 66. h5 {Precision: White = 82%, Black = 52%.} 1-0

[Event "Bhopal GM Open 2018"]
[Site "Bhopal"]
[Date "2018.12.23"]
[Round "4"]
[White "Nitin, S.."]
[Black "Manish Anto Cristiano F"]
[Result "1-0"]
[WhiteElo "2450"]
[BlackElo "2065"]
[Annotator "TA"]
[PlyCount "81"]
[EventDate "2018.12.21"]
[EventType "swiss"]
[EventCountry "IND"]
[SourceTitle "playchess.com"]
[Source "ChessBase"]
[SourceQuality "1"]

{[%evp 16,81,39,-3,46,21,72,53,69,69,65,62,77,70,100,115,119,104,106,105,102,100,91,89,79,83,91,91,84,81,103,84,76,76,102,93,175,172,257,213,191,176,273,287,322,317,422,417,405,358,358,358,357,340,428,428,505,380,369,362,485,320,590,588,643,492,704,696]} 1. e4 c5 2. Nf3 d6 3. d4 cxd4 4. Nxd4 Nf6 5. Nc3 a6 6. Be3 e5 7. Nb3 Be6 8. Qd2 Nbd7 9. f4 {LiveBook: 130 Games} g6 {B90: Sicilian Najdorf: Unusual White 6th moves, 6 Be3 Ng4 and 6 Be3 e5} (9... b5 10. O-O-O Be7 11. f5 Bc4 12. g4 Nxg4 13. Rg1 Nxe3 14. Qxe3 Bxb3 15. cxb3 O-O 16. Kb1 Nb6 17. Be2 {0-1 (39) Jakovenko,D (2741)-Karjakin,S (2775) Moscow 2012}) 10. O-O-O Qc7 (10... Ng4 $11) 11. h3 $16 h5 {White is slightly better.} 12. Kb1 O-O-O $146 ({Predecessor:} 12... Rc8) 13. g3 {[%cal Bg2g3,Bg3g4][%mdl 32]} Be7 14. Qf2 h4 15. g4 {Threatens to win with f5.} exf4 16. Bxf4 Ne5 17. Bg2 Nfd7 18. Rhe1 Bf6 19. Bf1 Nb6 20. Be3 Ned7 21. Nd4 Nc4 22. Bxc4 Bxc4 23. Nde2 Rde8 24. Bd4 Be5 25. Nf4 Bxf4 (25... Qc6 $16) 26. Qxf4 $18 Ne5 (26... Rhg8 {was necessary.} 27. b3 Be6) 27. Na4 {[%cal Bc3a4,Ba4b6,Bb6d5][%mdl 32]} Kb8 28. Nb6 Be6 (28... g5 $142 29. Qf6 (29. Qxg5 Nf3 $16) 29... Be6) 29. Re3 Rhf8 30. Rc3 Nc6 31. Nd5 g5 {[#] And now ...Bxd5 would win.} 32. Nxc7 gxf4 33. Nxe8 Rxe8 34. Rf3 Bc4 35. Rxf4 d5 36. exd5 Bxd5 37. Bf2 Bg2 38. Re1 Rd8 $2 {[#]} (38... Rxe1+ 39. Bxe1 Bxh3 40. Bxh4 Ne5) 39. Bxh4 {White is clearly winning.} Rh8 40. g5 Bxh3 (40... Nd8 $142 41. Rc4 Nc6 42. Bg3+ Ka8) 41. Bg3 {Accuracy: White = 84%, Black = 32%.} 1-0

[Event "Bhopal GM Open 2018"]
[Site "Bhopal"]
[Date "2018.12.23"]
[Round "4"]
[White "Nguyen, Van Huy"]
[Black "Parthasarathy R"]
[Result "*"]
[WhiteElo "2438"]
[BlackElo "2019"]
[Annotator "TA"]
[PlyCount "35"]
[EventDate "2018.12.21"]
[EventType "swiss"]
[EventCountry "IND"]
[SourceTitle "playchess.com"]
[Source "ChessBase"]
[SourceQuality "1"]

{[%evp 18,19,69,70]} 1. d4 d6 2. Nf3 g6 3. c4 Bg7 4. Nc3 Nf6 5. e4 O-O 6. Be2 e5 7. Be3 Ng4 8. Bg5 f6 9. Bh4 Qe8 10. O-O {LiveBook: 26 Games} {Predecessor:} Kh8 $146 11. h3 Nh6 12. Qd2 g5 13. Bg3 g4 14. hxg4 Nxg4 15. Nd5 Qf7 16. Ne3 Bh6 17. Qc3 Nxe3 18. fxe3 {1-0 (34) Topalov,V (2740)-Nijboer,F (2580) Wijk aan Zee 1998} *